| 000 | 00652nam a2200193 i 4500 | ||
|---|---|---|---|
| 001 | bgj | ||
| 100 | 1 | _aCURRY, Dean | |
| 245 | 1 | 0 |
_aTeacher's Guide to People Today : _bESL episodes for listening comprehension practice / _cDean Curry. |
| 260 |
_aWashington, D.C. : _bUnited States Information Agency, _c1986. |
||
| 300 |
_a17 pp ; _c26 cm. |
||
| 490 | 1 | _aEFL Episodes for Listening Comprehension Practice | |
| 650 | 9 |
_aEnglish language _xSpeaking |
|
| 655 | _aTextbooks for foreigners | ||
| 830 | _aEFL Episodes for Listening Comprehension Practice | ||
| 040 | _cBPK | ||
| 041 | 0 | _aeng | |
| 942 | _cKS | ||
| 008 | s uk f |000 0 eng | ||
| 999 |
_c47728 _d47728 |
||